Benjamin Feinberg, The Devil’s Book of Culture History, Mushrooms, and Caves in Southern Mexico, Austin, University of Texas Press, 2003, xiv + 272 p., bibl., ill., carte (notice n° 1646019)
[ vue normale ]
| 000 -LEADER | |
|---|---|
| fixed length control field | 00592cam a2200145 4500500 |
| 005 - DATE AND TIME OF LATEST TRANSACTION | |
| control field | 20260208002355.0 |
| 041 ## - LANGUAGE CODE | |
| Language code of text/sound track or separate title | fre |
| 042 ## - AUTHENTICATION CODE | |
| Authentication code | dc |
| 100 10 - MAIN ENTRY--PERSONAL NAME | |
| Personal name | Giafferi-Dombre, Natacha |
| Relator term | author |
| 245 00 - TITLE STATEMENT | |
| Title | Benjamin Feinberg, The Devil’s Book of Culture History, Mushrooms, and Caves in Southern Mexico, Austin, University of Texas Press, 2003, xiv + 272 p., bibl., ill., carte |
| 260 ## - PUBLICATION, DISTRIBUTION, ETC. | |
| Date of publication, distribution, etc. | 2006.<br/> |
| 500 ## - GENERAL NOTE | |
| General note | 38 |
| 786 0# - DATA SOURCE ENTRY | |
| Note | L'Homme | 177-178 | 1 | 2006-01-01 | p. 505n-577n | 0439-4216 |
| 856 41 - ELECTRONIC LOCATION AND ACCESS | |
| Uniform Resource Identifier | <a href="https://shs.cairn.info/revue-l-homme-2006-1-page-505n?lang=fr&redirect-ssocas=7080">https://shs.cairn.info/revue-l-homme-2006-1-page-505n?lang=fr&redirect-ssocas=7080</a> |
Pas d'exemplaire disponible.




Réseaux sociaux